000 00258nam a2200097Ia 4500
001 691161
005 20250826161830.0
008 250824s9999 xx 000 0 und d
245 0 _aSEN YOLA ÇIK YOL SANA GÖRÜNÜR
_cHAKAN MENGÜÇ
260 _bDESTEK YAYINLARI
999 _c691161
_d691161